Normal view
MARC view
- Amīr Mīnāʼī, Amīr Aḥmad,
Entry Personal Name
001 - CONTROL NUMBER
- control field: 1459
003 - CONTROL NUMBER IDENTIFIER
- control field: NUST
005 - DATE AND TIME OF LATEST TRANSACTION
- control field: 20170526120925.0
008 - FIXED-LENGTH DATA ELEMENTS
- fixed length control field: 170526|| aca||aabn | a|a d
040 ## - CATALOGING SOURCE
- Original cataloging agency: NUST
- Transcribing agency: NUST
100 ## - HEADING--PERSONAL NAME
- Personal name: Amīr Mīnāʼī, Amīr Aḥmad,
- Dates associated with a name: 1828-1900.
670 ## - SOURCE DATA FOUND
- Source citation: Work cat.: (NUST)0: Amīr Mīnāʼī, Amīr Aḥmad, 1828-1900., Kullīyāt-i Amīr Mīnāʼī, Mirʼātulg̲h̲aib., 2009.
